000 00673nam a2200205 i 4500
001 100745
003 ES-MaACL
007 t|
008 051005s1984 ag ||||1| spa d
020 _a950-12-3108-9
100 1 _aMaterazzi, Miguel Angel.
_978993
245 1 0 _aDrogodependencia /
_cMiguel Angel Materazzi.
250 _a[1ª ed.].
260 _aBuenos Aires :
_bPaidós,
_c1984.
300 _a166 p. :
_bil. ;
_c23 cm.
490 1 _aBiblioteca de psiquiatría, psicopatología y psicosomática
830 0 0 _aBiblioteca de psiquiatría, psicopatología y psicosomática
_9184603
852 _aES-MaACL
_jL-8164
_bR.108751
999 _c100745
_d100745